书目信息 |
| 题名: |
成吉思汗传
|
|
| 作者: | 闫林林 编著 | |
| 分册: | ||
| 出版信息: | 西安 三秦出版社 2012.12 |
|
| 页数: | 394页 | |
| 开本: | 24cm | |
| 丛书名: | 帝王传大系 | |
| 单 册: | ||
| 中图分类: | K827=47 | |
| 科图分类: | ||
| 主题词: | ||
| 电子资源: | ||
| ISBN: | 978-7-5518-0353-3 | |
| 000 | 00856oam2 2200277 450 | |
| 001 | 0102100425 | |
| 005 | 20210402100822.0 | |
| 010 | @a978-7-5518-0353-3@dCNY39.80 | |
| 100 | @a20130506e20202012em y0chiy50 ea | |
| 101 | 0 | @achi |
| 102 | @aCN@b610000 | |
| 105 | @ay z 000yb | |
| 106 | @ar | |
| 200 | 1 | @a成吉思汗传@Acheng ji si han zhuan@e元太祖@f闫林林编著 |
| 210 | @a西安@c三秦出版社@d2012.12@h2020.06 | |
| 215 | @a394页@d24cm | |
| 225 | 2 | @a帝王传大系 |
| 330 | @a本书以元太祖的一生为主线,从他的家族渊缘入手,以历史小说的形式系统地介绍了元太祖一生的沉浮。 | |
| 461 | 0 | @12001 @a帝王传大系 |
| 517 | 1 | @a元太祖@Ayuan tai zu |
| 600 | 0 | @a成吉思汗@f(1162-1227)@x传记 |
| 600 | 0 | @a成吉思汗@f(1162-1227) |
| 690 | @aK827=47@v5 | |
| 701 | 0 | @a闫林林@Ayan lin lin@4编著 |
| 801 | 0 | @aCN@bBJSZM@c20210402 |
| 905 | @b1276560-4@dK827=47@e1037@f5 | |
| 成吉思汗传:元太祖/闫林林编著.-西安:三秦出版社,2012.12(2020.06) |
| 394页;24cm.-(帝王传大系) |
| ISBN 978-7-5518-0353-3:CNY39.80 |
| 本书以元太祖的一生为主线,从他的家族渊缘入手,以历史小说的形式系统地介绍了元太祖一生的沉浮。 |
| ● |
| 相关链接 |
|
|
|
|
正题名:成吉思汗传
索取号:K827=47/1037
 
预约/预借
| 序号 | 登录号 | 条形码 | 馆藏地/架位号 | 状态 | 备注 |
| 1 | 1276560 | 212765603 | 第二样本阅览室/ [索取号:K827=47/1037] | 在馆 | |
| 2 | 1276561 | 212765612 | 教育系资料室/ [索取号:K827=47/1037] | 在馆 | |
| 3 | 1276562 | 212765621 | 教育系资料室/ [索取号:K827=47/1037] | 在馆 | |
| 4 | 1276563 | 212765630 | 第二借阅区/ [索取号:K827=47/1037] | 在馆 | |
| 5 | 1276564 | 212765649 | 第二借阅区/ [索取号:K827=47/1037] | 在馆 |